000 00688nam a2200265Ia 4500
003 OSt
005 20221007111851.0
006 a|||||r|||| 00| 0
007 ta
008 221006b |||||||| |||| 00| 0 eng d
020 _a9788180385810
024 _a24,457
037 _cTextual
040 _aLCO
_cLCO
_beng
041 _2eng
_aeng
082 _aZ2,267, P9
100 _aSeth Karnika
245 0 _aCyber Laws in the Information Technology Age
250 _a1st
260 _aHaryana
_bLexis Nexis Butterworths India
_c2009
300 _a1550
650 _aCYBER LAW
_9702180
942 _hZ2,267, P9
_cTEXL
999 _c1194020
_d1194020